Lobkowiczká mapová sbírka

Titel: Lobkowiczká mapová sbírka / Jan Sobotka
Verfasser:
Ausgabe: 1. vydání
Veröffentlicht: Praha : Národní knihovna ČR, 2017
Umfang: 133 Seiten : Illustrationen, Faksimiles, Karten ; 30 cm
Format: Buch
Sprache: Tschechisch
Schlagworte:
ISBN: 8070506822 ; 9788070506820
Buchumschlag
X
alg: 43194521
001A    $03004:24-05-18 
001B    $01999:24-01-19 $t12:23:17.000 
001C    $03004:24-05-18 $t11:56:42.000 
001D    $03004:08-01-19 
001U    $0utf8 
001X    $00 
002@    $0Aau 
002C    $aText $btxt $2rdacontent 
002C    $aunbewegtes Bild $bsti $2rdacontent 
002D    $aohne Hilfsmittel zu benutzen $bn $2rdamedia 
002E    $aBand $bnc $2rdacarrier 
003@    $0431945217 
004A    $080-7050-682-2 
004A    $A978-80-7050-682-0 
006C    $01015186901 $aOCoLC 
007A    $0431945217 $aHEB 
007G    $0DE0204A6B17FDA825E553C125837D0044322D 
009P    $qapplication/pdf $A2 $3Inhaltsverzeichnis $uhttp://scans.hebis.de/HEBCGI/show.pl?43194521_toc.pdf $mV:DE-603;B:DE-Mb50 
010@    $acze 
010E    $erda 
011@    $a2017 $n2017 
013D    $RBuch $RBildliche Darstellung $#Abbildungen Formschlagwort $#Ansichtspostkarte Formschlagwort $#Bildatlas $#Bilddokumente $#Bilder Formschlagwort $#Bildmaterial Formschlagwort $#Ansichten Formschlagwort $#Bildsammlung $#Abbildungswerk $#Illustrationswerk $#Photographien-Bildband $#Fotographien-Bildband $#Bildbände $74145395-5 $8Bildband [Ts1] $9085578738 
021A    $aLobkowiczká mapová sbírka $hJan Sobotka 
028A    $BVerfasser $#Sobotka, Johann $4aut $71034861751 $8Sobotka, Jan$Z1862-1931 [Tp3] $9321604644 
032@    $a1. vydání 
033A    $pPraha $nNárodní knihovna ČR 
034D    $a133 Seiten 
034I    $a30 cm 
034M    $aIllustrationen, Faksimiles, Karten 
037A    $aLiteraturverzeichnis: Seite 129-133 
044K    $#Lobkowicz  $7119531402 $8$PLobkowitz$lFamilie [Tp1] $9087871009 
044K    $RGeowissenschaften $#Cartography $#Cartographie $#Cartografia $#cartography $#Kartographie $#Kartographie $#Kartographie $#Kartenkunde $74029823-1 $8Kartografie [Ts1] $9085078883 
044K    $RGrafische Darstellung $#Cartes $#Maps $#Plans $#Amtliche Karte Formschlagwort $#Landkarte $#Wandkarte Formschlagwort $#Wanderkarte Formschlagwort $#Straßenkarte Formschlagwort $#Weltkarte Formschlagwort $#Karten $#Landkarten $#Kartenmaterial $#Geografische Karte $74029783-4 $8Karte [Tsz] $9085078743 
044K    $RMuseum $#Sammlungen $74128844-0 $8Sammlung [Ts1] $9085448907 
045F    $a911.43710903 $eDDC23BSB 
045F/01 $a911 
045F/03 $f0903 
045F/03 $f09034 
045F/03 $g4371 
045R    $aGeschichte 
046L    $aEnglische Zusammenfassung unter dem Titel: Lobkowicz map collection 

lok: 43194521 24

exp: 43194521 24 1 #EPN
201B/01 $008-01-19 $t14:30:55.000 
201C/01 $024-05-18 
201U/01 $0utf8 
203@/01 $01022448846 
208@/01 $a08-01-19 $bz 
209A/01 $a18.03670 $du $f050 $h18 03670 $x00 
209C/01 $a18.03670 T $h18 03670 T 
209G/01 $a73941245 $x00 
220C/01 $akon 
247C/01 $8358050-7 Marburg, Bibliothek des Herder-Instituts Marburg $9102600961 

lok: 43194521 78

exp: 43194521 78 1 #EPN
201B/01 $001-02-23 $t14:18:57.000 
201C/01 $001-02-23 
201U/01 $0utf8 
203@/01 $01225755255 
208@/01 $a01-02-23 $be 
209A/01 $a/ $f000 $x00 
209A/01 $ab*p $x01 
220C/01 $apgar 
244Z/01 $#Böhmische Kronländer $#Länder der Böhmischen Krone $#Sudetenland $#Böhmen $#Mähren $#Mährisch-Schlesien $#Österreichisch-Schlesien $#Tschechische Sozialistische Republik Böhmische Länder $#Tschechei Böhmische Länder $#Země koruny české $74069573-6 $8--Tg1--Böhmische Länder $x01 $9085195553 
247C/01 $82080>Marburg/Lahn, Herder-Institut, Forschungsbibliothek, Bibliographieportal $9336309341
LEADER 00000cam a2200000 c 4500
001 431945217
003 DE-603
005 20190124122317.0
007 tu
008 180524s2017 xx |||| | u00||u|cze c
020 |a 8070506822 
020 |a 9788070506820 
035 |a (DE-599)HEB431945217 
040 |a DE-603  |b ger  |c DE-603  |d DE-603  |e rda 
041 |a cze 
082 0 4 |8 1\u  |a 911.43710903  |q DE-101  |2 23/BSB 
085 |8 1\u  |b 911 
085 |8 1\u  |z 1  |s 0903 
085 |8 1\u  |z 1  |s 09034 
085 |8 1\u  |z 2  |s 4371 
100 1 |a Sobotka, Jan  |d 1862-1931  |e Verfasser  |4 aut  |0 (DE-603)321604644  |0 (DE-588)1034861751  |2 gnd 
245 0 0 |a Lobkowiczká mapová sbírka  |c Jan Sobotka 
250 |a 1. vydání 
264 1 |a Praha  |b Národní knihovna ČR  |c 2017 
300 |a 133 Seiten  |b Illustrationen, Faksimiles, Karten  |c 30 cm 
336 |a Text  |b txt  |2 rdacontent 
336 |a unbewegtes Bild  |b sti  |2 rdacontent 
337 |a ohne Hilfsmittel zu benutzen  |b n  |2 rdamedia 
338 |a Band  |b nc  |2 rdacarrier 
500 |a Literaturverzeichnis: Seite 129-133 
546 |a Englische Zusammenfassung unter dem Titel: Lobkowicz map collection 
600 3 7 |a Lobkowitz  |c Familie  |0 (DE-588)119531402  |0 (DE-603)087871009  |2 gnd 
648 7 |a Geschichte  |2 gnd 
650 7 |a Kartografie  |0 (DE-588)4029823-1  |0 (DE-603)085078883  |2 gnd 
650 7 |a Karte  |0 (DE-588)4029783-4  |0 (DE-603)085078743  |2 gnd 
650 7 |a Sammlung  |0 (DE-588)4128844-0  |0 (DE-603)085448907  |2 gnd 
655 7 |a Bildband  |2 gnd-content  |0 (DE-588)4145395-5  |0 (DE-603)085578738 
856 4 2 |m V:DE-603;B:DE-Mb50  |q application/pdf  |u http://scans.hebis.de/HEBCGI/show.pl?43194521_toc.pdf  |3 Inhaltsverzeichnis 
924 0 |9 Mb 50  |a (DE-603)1022448846  |b DE-Mb50  |c HES  |d c  |g 18.03670 
924 0 |9 2080  |a (DE-603)1225755255  |b DE-2080  |c HES  |d d  |g /